• 首页
  • 本馆介绍
  • 公告通知
  • 最新文献
  • 馆藏检索
  • 电子资源
  • 读者导购
  • 参考咨询
  • 我的图书馆
  • 登录
  • 详细信息显示
  • 放入我的书架
  • 预约/预借图书
  • 作者相关作品
  • 分类相关作品
  • 丛书相关作品
  • 出版社相关作品

书目信息

  • 表格格式
  • 工作单格式
  • 卡片格式
题名:
五岳名山
    
 
作者: 肖东发 主编 ;彭万波 编著
分册:  
出版信息: 北京   现代出版社  2015
页数: 164页
开本: 24cm
丛书名: 中华精神家园
单 册:
中图分类: K928.3
科图分类:
主题词: 五岳--介绍
电子资源:
ISBN: 978-7-5143-2343-6
000 01089oam2 2200289 450
001 012001002554
005 20140926114740.0
010    @a978-7-5143-2343-6@dCNY29.80
100    @a20151101d2015 em y0chiy50 ea
101 0  @achi
102    @aCN@b110000
105    @aa z 000yy
106    @ar
200 1  @a五岳名山@9wu yue ming shan@e恒山衡山嵩山的文化@f肖东发主编@g彭万波编著
210    @a北京@c现代出版社@d2015
215    @a164页@c图@d24cm
225 2  @a中华精神家园@i山水灵性
330    @a本书主要指恒山衡山嵩山的文化。包括恒山、衡山、嵩山的历史积淀、珍稀植被、宗教圣地、历史古迹等,其中图文并茂,图解图注,形象直观,赏心悦目,彩色制作,丰富多彩,设计精美,格调高雅,非常适合广大读者阅读和珍藏,也非常适合各级图书馆装备和陈列。
461  0 @12001 @a中华精神家园
462  0 @12001 @a山水灵性
517 1  @a恒山衡山嵩山的文化@9heng shan heng shan song shan de wen hua
606 0  @a五岳@x介绍
690    @aK928.3@v5
701  0 @a肖东发@9xiao dong fa@4主编
702  0 @a彭万波@9peng wan bo@4编著
801  0 @aCN@b上海新华@c20180901
905    @b1158210-4@dK928.3@e1104@f5
    
    五岳名山:恒山衡山嵩山的文化/肖东发主编/彭万波编著.-北京:现代出版社,2015
    164页:图;24cm.-(中华精神家园.山水灵性)
    
    
    ISBN 978-7-5143-2343-6:CNY29.80
    本书主要指恒山衡山嵩山的文化。包括恒山、衡山、嵩山的历史积淀、珍稀植被、宗教圣地、历史古迹等,其中图文并茂,图解图注,形象直观,赏心悦目,彩色制作,丰富多彩,设计精美,格调高雅,非常适合广大读者阅读和珍藏,也非常适合各级图书馆装备和陈列。
●
相关链接 在E读中查询图书 在五车中查询图书 在当当中查询图书 在豆瓣中查询图书


正题名:五岳名山     索取号:K928.3/1104         预约/预借

序号 登录号 条形码 馆藏地/架位号 状态 备注
1 1158210   211582107   第二样本阅览室/ [索取号:K928.3/1104] 在馆    
2 1158211   211582116   第二借阅区/ [索取号:K928.3/1104] 在馆    
3 1158212   211582125   第二借阅区/ [索取号:K928.3/1104] 在馆    
4 1158213   211582134   第二借阅区/ [索取号:K928.3/1104] 在馆    
5 1158214   211582143   资源管理系资料室/ [索取号:K928.3/1104] 在馆    
唐山师范学院图书馆 欢迎您!
大连网信软件有限公司© 版权所有